000 00763nam a2200217 u 4500
001 000002942
005 20240228133747.0
008 090706s2006 dr c 000 0 spa d
020 _a994516063X
040 _aDO-SdBNP
_bspa
_cBNPHU
082 _a334
_bC355h
100 1 _aCastro Ventura, Santiago
_91837
245 1 0 _aHistoria de medicoop /
_cSantiago Castro Ventura ; prólogo Ignacio Valenzuela.
260 _aSanto Domingo :
_bBúho,
_c2006.
300 _a193 p. :
_bretrs. ;
_c22 cm.
504 _aIncluye referencia bibliográficas
650 4 _aAsociaciones de profesionales y técnicos
_xHistoria
_zRepública Dominicana
_99346
650 4 _aMedicos
_xHistoria
_zRepública Dominicana
_99347
700 1 2 _aValenzuela, Ignacio,
_ePról.
_99348
049 _aBNPD
999 _c2774
_d2774